00546nam a22001577a 450000500170000001000150001702000260003203500140005803700130007208200170008510000190010224501320012126000390025327000710029230000250036320220804155249.0 aENG-134266 a9788187392989c695.00 aEN-117798 bDBAD/PUB a338.91095461 aMalla, Govinda aPolitics of Foreign Aid in Nepal, 1951-1980:bA Study of Development Assistance from India, China, USA and USSR/cGovinda Malla aNew DelhibAdroit Publishersc2012 a4675/21, Ganpati Bhawan, Ansari Road, DaryaganjbNew Delhie110002 axii, 268p.c23cm(hb)